000 01718cam a2200313 a 4500
001 000015812
005 20200929164149.0
008 060124s2005 ck a b 100 0 spa
020 _a9589177174
040 _aDO-SdBNP
_bspa
_cDLC
_dDLC
_dBNPHU
082 _aNN
_bC719m
111 2 _aColoquio Colombo-Francés de Bibliotecas Públicas
_n(2a :
_d2005 :
_cBogota, Colombia)
_935578
245 1 0 _aMemorias del segundo coloquio Colombo-Francés de bibliotecas públicas :
_bbiblioteca y patrimonio musical /
_ccoordinador Marc Sagaert ; editor Alfonso Mora Jaime ; traducción Maria Yolanda Medina.
246 1 0 _aBiblioteca y patrimonio musical
260 _a[Colombia] :
_bEmbajada de Francia en Colombia :
_bMinisterio de Cultura de Colombia :
_bBiblioteca Nacional de Colombia,
_c2005.
300 _a108 p. :
_bil. ;
_c21 cm.
500 _aDocumentos presentados en el Segundo Encuentro "Biblioteca y Sociedad", organizada por Embajada de Francia en Colombia y la Biblioteca Nacional de Colombia, del Ministerio de Cultura de Colombia, celebrada en abril de 2005 en Bogotá, Colombia.
500 _a"En el marco de la XVII Feria Internacional del Libro de Bogoté y del mes de Francia."
504 _aContiene referencias bibliográficas.
650 0 _aPublic libraries
_zColombia
_vCongresses.
_935579
650 0 _aPublic libraries
_zFrance
_vCongresses.
_935580
650 0 _aMusic
_zColombia
_xLibrary resources
_vCongresses.
_935581
700 1 _aSagaert, Marc.
_935582
700 1 _aMora Jaime, Alfonso,
_eed.
_922731
700 1 _aMedina, María Yolanda,
_etr.
_935583
710 1 _aBiblioteca Nacional de Colombia.
_93774
710 1 _aFrance.
_bAmbassade (Colombia)
_935584
910 _aCatalogación por copia / LC
999 _c15357
_d15357